Friends actors - Statistics

General Stats
  • This quiz has been taken 452 times
  • The average score is 8 of 14
Answer Stats
Character Actor/Actress % Correct
Rachel Green Jennifer Aniston
98%
Joey Tribbiani Matt LeBlanc
92%
Ross Geller David Schwimmer
91%
Chandler Bing Matthew Perry
91%
Phoebe Buffay Lisa Kudrow
90%
Monica Geller Courteney Cox
70%
Mike Hannigan Paul Rudd
66%
Richard Burke Tom Selleck
62%
Jack Geller Elliot Gould
40%
Janice Maggie Wheeler
32%
Gunther James Michael Tyler
31%
Judy Geller Christina Pickles
28%
Emily Helen Baxendale
23%
Carol Jane Sibbett
12%
No matching quizzes found
Score Distribution
Percent of People with Each Score
Percentile by Number Answered
Your Score History
You have not taken this quiz